Les formes de Chopper dans One Piece - Statistiques

Statistiques générales
  • Ce quiz a été pris 36 fois
  • Le résultat moyen est 4 sur 9
Statistiques - réponses
Formes de Chopper % Correct
Monster Point
87%
Kung Fu Point
65%
Arm Point
61%
Horn Point
58%
Guard Point
52%
Heavy Point
42%
Walk Point
35%
Jumping Point
32%
Break Point
6%
Aucun quiz correspondant
Distribution des résultats
% des personnes avec chaque résultat
Percentile par nombre de réponses
Votre historique - résultats
Vous n’avez pas pris ce quiz